000 00477nam a2200181Ia 4500
005 20250326125639.0
008 250326s9999 xx 000 0 und d
037 _aTextbook
040 _aFMSL
_beng
_cFMSL
041 _aeng
_2eng
084 _aX:87 K9
_qFMSL
100 _aCarr A Z
_9737798
245 0 _aBusiness as a game
_cCarr A Z
260 _aUSA
_bUSA, New American Library
_c1969
300 _a220p
942 _cTB
_hX:87 K9
999 _c1278936
_d1278936